Govt. of
Madhya Pradesh

Study Guide SBI-PO Recruitment Examination Phase I & II (Record no. 67609)

MARC details
000 -LEADER
fixed length control field 00285nam a22001097a 4500
082 ## - DEWEY DECIMAL CLASSIFICATION NUMBER
Classification number 001
100 ## - MAIN ENTRY--AUTHOR NAME
Personal name GKP
245 ## - TITLE STATEMENT
Title Study Guide SBI-PO Recruitment Examination Phase I & II
260 ## - PUBLICATION, DISTRIBUTION, ETC. (IMPRINT)
Place of publication New Delhi
Name of publisher Gk Publication
Year of publication 2024
650 ## - SUBJECT ADDED ENTRY--TOPICAL TERM
Topical Term General Studies
942 ## - ADDED ENTRY ELEMENTS (KOHA)
Koha item type Competitive Books
Holdings
Withdrawn status Lost status Damaged status Not for loan Home library Current library Date acquired Cost, normal purchase price Full call number Accession Number Price effective from Koha item type
        MACL MACL 24/10/2024 695.00 001 DPI002973 24/10/2024 Competitive Books